Operace ve vnějších ekonomických vztazích

Uložené v:
Podrobná bibliografia
Hlavný autor: Nykryn, Jaroslav
Médium: Kniha
Jazyk:Czech
Vydavateľské údaje: Praha Státní nakladatelství technické literatury 1983
Tagy: Pridať tag
Žiadne tagy, Buďte prvý, kto otaguje tento záznam!

MARC

LEADER 00000nam a2200000 4500
001 c119033
005 20041019155213.1
041 0 |a cze 
044 |a CZ 
245 1 0 |a Operace ve vnějších ekonomických vztazích  |c Jaroslav Nykryn a kol. 
264 1 |a Praha  |b Státní nakladatelství technické literatury  |c 1983 
300 |a 325 s. 
100 1 |a Nykryn, Jaroslav